| 000 | 00426nam a2200169Ia 4500 | ||
|---|---|---|---|
| 003 | 0STCL | ||
| 008 | 150530s9999 xx 000 0 und d | ||
| 040 |
_aSTCL _cSTCL |
||
| 100 | _aPipes Louis, A.; Havili Lawrence, R. | ||
| 245 | _aApplied mathematics for engineers and physicists | ||
| 250 | _aThird | ||
| 260 |
_bMcgraw hill _c1982 |
||
| 546 | _aEnglish | ||
| 942 |
_2ddc _cBK |
||
| 999 |
_c24849 _d24849 |
||
| 005 | 20220125170023.0 | ||